Historia de la Universidad Colombiana historiografía y fuentes
Salvato in:
| Natura: | Libro |
|---|---|
| Lingua: | spagnolo |
| Pubblicazione: |
Tunja
Universidad Pedagógica y Tecnológica de Colombia
1998
|
| Tags: |
Nessun Tag, puoi essere il primo ad aggiungerne!!
|
MARC
| LEADER | 00000nam$a2200000$$$4500 | ||
|---|---|---|---|
| 001 | 0035399 | ||
| 005 | 20250711081207.9 | ||
| 020 | |a 958-660-032-7 | ||
| 041 | 0 | |a spa | |
| 044 | |a CO | ||
| 245 | 1 | 0 | |a Historia de la Universidad Colombiana |b historiografía y fuentes |c Editora: Diana Soto Arango |
| 264 | 1 | |a Tunja |b Universidad Pedagógica y Tecnológica de Colombia |c 1998 | |
| 300 | |a 345 s. | ||